Statistics for Super Bowl MVPs Quiz

Click here to take the quiz!

General Stats

  • This quiz has been taken 18,388 times
    (1,784 since last reset)
  • The average score is 28 of 47

Answer Stats

Year Team MVP % Correct
2001, 2003, 2014, 2016PatriotsTom Brady
99%
2006ColtsPeyton Manning
97%
2007, 2011GiantsEli Manning
96%
2019ChiefsPatrick Mahomes
94%
2010PackersAaron Rodgers
90%
2009SaintsDrew Brees
89%
1981, 1984, 198949ersJoe Montana
87%
2017EaglesNick Foles
85%
2012RavensJoe Flacco
83%
1998BroncosJohn Elway
82%
1993CowboysEmmitt Smith
81%
2013SeahawksMalcolm Smith
80%
1992CowboysTroy Aikman
77%
199449ersSteve Young
75%
1999RamsKurt Warner
73%
2015BroncosVon Miller
73%
1978, 1979SteelersTerry Bradshaw
72%
198849ersJerry Rice
72%
1966, 1967PackersBart Starr
71%
2000RavensRay Lewis
71%
2018PatriotsJulian Edelman
70%
1968JetsJoe Namath
70%
1971CowboysRoger Staubach
61%
1997BroncosTerrell Davis
58%
1986GiantsPhil Simms
55%
2005SteelersHines Ward
53%
1974SteelersFranco Harris
51%
1987RedskinsDoug Williams
49%
2008SteelersSantonio Holmes
48%
1995CowboysLarry Brown
44%
1969ChiefsLen Dawson
43%
1977 (t)CowboysRandy White
43%
1983RaidersMarcus Allen
42%
1975SteelersLynn Swann
40%
1973DolphinsLarry Csonka
39%
2002BuccaneersDexter Jackson
38%
1980RaidersJim Plunkett
37%
2004PatriotsDeion Branch
35%
1982RedskinsJohn Riggins
35%
1991RedskinsMark Rypien
34%
1996PackersDesmond Howard
33%
1990GiantsOttis Anderson
28%
1985BearsRichard Dent
28%
1977 (t)CowboysHarvey Martin
21%
1976RaidersFred Biletnikoff
20%
1970CowboysChuck Howley
18%
1972DolphinsJake Scott
16%

Score Distribution

Percentile by Number Answered

Percent of People with Each Score

Your Score History

You have not taken this quiz since the last reset